Guinness book of records - 32 / (Record no. 8946)
[ view plain ]
| 000 -LEADER | |
|---|---|
| fixed length control field | 00477cam a2200181ua 4500 |
| 020 ## - INTERNATIONAL STANDARD BOOK NUMBER | |
| ISBN | 0-85112-433-X |
| 041 ## - LANGUAGE CODE | |
| Language code of text/sound track or separate title | eng |
| 082 ## - DEWEY DECIMAL CLASSIFICATION NUMBER | |
| Classification number | 028.70179 |
| Item number | MCW/GU |
| 100 ## - MAIN ENTRY--AUTHOR NAME | |
| Personal name | McWhirter, Norris D . |
| 245 00 - TITLE STATEMENT | |
| Title | Guinness book of records - 32 / |
| 250 ## - EDITION STATEMENT | |
| Edition statement | 32 / |
| 260 ## - PUBLICATION, DISTRIBUTION, ETC. (IMPRINT) | |
| Place of publication | U K : |
| Name of publisher | Guiness Superlatives Ltd , |
| Year of publication | 1985. |
| 300 ## - PHYSICAL DESCRIPTION | |
| Number of Pages | 322 ; . |
| 942 ## - ADDED ENTRY ELEMENTS (KOHA) | |
| Koha item type | Books |
| Withdrawn status | Lost status | Damaged status | Home library | Current library | Date acquired | Full call number | Accession Number | Koha item type |
|---|---|---|---|---|---|---|---|---|
| KAUAET | KAUAET | 01/09/1986 | 028.70179 | 15525 | Reference |
